000 00337 a2200109 4500
001 ART_9095
005 20260410161642.0
008 260409a
245 1 0 _aLímites constitucionales a la autotutela ejecutiva
100 1 _aKarschenboim, Laura
773 0 _tConsultor tributario
_g- Año 6, Nº 61 (mar. 2012)
_wREV474
999 _c13449
_d13449